| 000 | 00732nam a2200241Ia 4500 | ||
|---|---|---|---|
| 003 | OSt | ||
| 005 | 20220928112954.0 | ||
| 006 | a|||||r|||| 00| 0 | ||
| 007 | ta | ||
| 008 | 220927b |||||||| |||| 00| 0 eng d | ||
| 024 | _a67084 | ||
| 037 | _cTextual | ||
| 040 |
_aSDCL _cSDCL _beng |
||
| 041 |
_2eng _aeng |
||
| 082 | _aX:77'Pt4, P4.17 | ||
| 100 | _aORGANISATION FOR ECONOMIC CO-OPERATION AND DEVELOPMENT | ||
| 245 | 0 | _aEconomic surveys Czech Republic | |
| 260 |
_aParis _bOECD _c2004 |
||
| 300 |
_aV17. Jan 2005 (224p.) _ccm. |
||
| 650 |
_aEconomic Survey Czech _9431003 |
||
| 942 |
_hX:77'Pt4, P4.17 _cTEXL _2CC |
||
| 999 |
_c747430 _d747430 |
||